| 000 | 00458cam a2200169ua 4500 | ||
|---|---|---|---|
| 020 |
_a81 7040 896 2 _c115.00 |
||
| 041 |
_aeng _h |
||
| 082 |
_a658.4034 _bPAT/PR |
||
| 100 | _aPatel, Chunawalla . | ||
| 245 |
_aProduction and operations management / _cChunawalla Patel. _hTextual Documents |
||
| 260 |
_aBombay : _bHimalaya Publishing House , _c1994. |
||
| 300 | _a582 ; . | ||
| 365 | _a115.00 | ||
| 504 | _a | ||
| 942 | _cBK | ||
| 999 |
_c2838 _d2838 |
||